Algeria's Borders Quiz Stats

Quiz Updated Mar 17, 2016

Challenge
Share
Tweet
Embed
Score 0/6 Timer 01:00
0 Plays Today
Country % Correct
Morocco
96.4%
Libya
92.6%
Tunisia
92.1%
Mali
83.4%
Niger
81%
Mauritania
72.3%

You're not logged in!

Compare scores with friends on all Sporcle quizzes.
Sign Up with Email
OR
Log In

You Might Also Like...

Show Comments

Extras

Top Quizzes Today


Score Distribution

Your Account Isn't Verified!

In order to create a playlist on Sporcle, you need to verify the email address you used during registration. Go to your Sporcle Settings to finish the process.